00242nam a2200109Ia 4500100002300000250000600023654002400029245002400053260003500077300000800112546001200120 aGoldstein/Herbert  a2 aclassical mechanics aClassical mechanics bNarosa Publication Housec2000 a684 aENGLISH